| 000 | 00561nam a22002057a 4500 | ||
|---|---|---|---|
| 001 | 00893 | ||
| 003 | KOHA_MİRAKIL | ||
| 005 | 20240914231540.0 | ||
| 008 | 240915b tu ||||| |||| 00| 0 tur d | ||
| 020 | _a9786258096330 | ||
| 040 |
_aTR-AnABB _btur _cTR-AnABB |
||
| 041 | _atur | ||
| 082 |
_a138 _bGOK 2022 |
||
| 100 | _aGöka, Erol | ||
| 245 | 0 |
_aGerçek insanın yüzünde yazar mı ? / _cErol Göka, Murat Beyazyüz. |
|
| 260 |
_aİstanbul : _bKapı Yayınları, _c2022. |
||
| 300 |
_a208 sayfa ; _c20 cm. |
||
| 650 | _aFizyonomi | ||
| 942 |
_2ddc _cBK |
||
| 999 |
_c904 _d904 |
||